000 01235nam a2200217Ia 4500
003 Ost
005 20260507075734.0
008 260507s9999||||xx |||||||||||||| ||und||
020 _a9775919339
040 _cfsecg
041 _aara
082 _a658.8
100 _aعبد الصبور، محسن فتحى
_eمؤلف
245 0 _aأسرار الترويج في عصر العولمة :
_bتجارب شركات دولية في الترويج /
_c محسن فتحى عبد الصبور
260 _aالقاهرة:
_bمجموعة النيل العربية,
_c2001
300 _a168 صفحة؛
_bإيضاحات ؛
_c24 سم
504 _aالملاحق ص.155 ببليوغرافيا: ص.167
520 _aأساسيات الترويج؛المعارض التجارية،مطبوعات الترويج،زيارة الأسواق الخارجية،الدعاية والإعلان،الترويج عبر شبكة الأنترنت،تنشيط المبيعات،الترويج المباشر،تقويم برامج الترويج،تجارب شركات دولية،أسرار نجاح اليبانيين في الترويج،الترويج في القرن الواحد والعشرين
653 _aالتسويق
942 _cكتاب
999 _c46063
_d46063